Skip to content
VuFind
Login
All Fields
Title
Author
Subject
Call Number
ISBN/ISSN
Tag
Find
Advanced
தமிழா இந்தா உன் சொத்து...
Cite this
Text this
Email this
Print
Export Record
Export to RefWorks
Export to EndNoteWeb
Export to EndNote
Export to MARC
Export to BibTeX
Export to RIS
Save to List
Permanent link
தமிழா இந்தா உன் சொத்து
Saved in:
Bibliographic Details
Main Author:
அழகு
Other Authors:
azhaku
Format:
Book
Published:
இந்தியா
Edition:
1st
Subjects:
இலக்கியம்
Tags:
Add Tag
No Tags, Be the first to tag this record!
Holdings
Description
Comments
Similar Items
Staff View
MARC
LEADER
00000nam a22000007a 4500
999
|c
30676
|d
30676
082
|a
T-821
|b
ALA
100
|a
அழகு
|9
75073
245
|a
தமிழா இந்தா உன் சொத்து
246
|a
TAMIZHA INTA UN COTTU
250
|a
1st
260
|a
இந்தியா
300
|a
821p
|b
ill
650
|a
இலக்கியம்
|9
75074
700
|a
azhaku
|9
75075
942
|c
REF
Similar Items
வீரத் தமிழா்/
by: இராசமாணிக்கனாா்
Published: (2012)
தலித்துக்களின் உண்மை பாரம்பாிய சொத்து/
by: ஹாிஷ்,ராமச்சந்திரன்
Published: (2001)
தமிழா் வாழ்வு /
by: இராசமாணிக்கனாா்.மா
Published: (1956)
தமிழா் சால்பு / (சங்க காலம் )
by: வித்தியானந்தன்,சு
Published: (1954)
உன் முகம் கண்டேனடி/
by: ரமனிசந்திரன்
Published: (2018)